000
00216 a2200109 4500
020
_a
9780694016501
041
_a
spa
100
_a
Wise Brown, Margaret
245
_a
El conejito andarin
942
_c
BK
952
_7
4
999
_c
19905
_d
19905